000 00238nam a2200097Ia 4500
001 963957
005 20250826220217.0
008 250824s9999 xx 000 0 und d
245 0 _aSAİMLE SAİME
_cMURAT ÖZKAN
260 _bAKVARYUM YAYINLARI
999 _c963957
_d963957